INXS Tunes: Sudden Death & Wammies - Statistics

General Stats
  • This quiz has been taken 19 times
  • The average score is 10 of 13
Answers on the Grid
Answers color-coded by a green-red scale on the quiz's grid according to % correct below.
She Drives Me Crazy
Devil Inside
Drive
Stupid Girl
Mystify
Time After Time
Need You Tonight
Suicide Blonde
Never Tear Us Apart
Invisible Touch
Disappear
In Your Eyes
New Sensation
Mediate
Listen Like Thieves
Good Thing
Kick
What You Need
Dance Hall Days
By My Side
Don't Change
Perfect Way
You Spin Me Round
Lady in Red
 
Answer Stats
Answer % Correct
Need You Tonight
87%
Disappear
80%
Kick
80%
Listen Like Thieves
80%
Mystify
80%
Suicide Blonde
80%
What You Need
80%
By My Side
73%
Don't Change
73%
Never Tear Us Apart
73%
New Sensation
73%
Devil Inside
67%
Mediate
60%
No matching quizzes found
Score Distribution
Percent of People with Each Score
Percentile by Number Answered
Your Score History
You have not taken this quiz